Markt Lexikon Wirtschaft Fachbegriffe von A-Z einfach und verständlich erklärt

Salvato in:
Dettagli Bibliografici
Autore principale: Krafft, Dietmar
Altri autori: Mittelstädt, Ewald, Wiepcke, Claudia
Natura: Libro
Lingua:tedesco
Pubblicazione: Bielefeld W. Bertelsmann Verlag 2005
Serie:Markt
Soggetti:
Tags: Aggiungi Tag
Nessun Tag, puoi essere il primo ad aggiungerne!!

MARC

LEADER 00000nam$a2200000$$$4500
001 0114016
005 20240313134250.8
020 |a 3-7639-3312-3 
041 0 |a ger 
044 |a DE 
245 1 0 |a Markt Lexikon Wirtschaft  |b Fachbegriffe von A-Z einfach und verständlich erklärt  |c Dietmar Krafft, Ewald Mittelstädt, Claudia Wiepcke 
264 1 |a Bielefeld  |b W. Bertelsmann Verlag  |c 2005 
300 |a 381 s. 
490 1 |a Markt 
830 0 |a Markt 
610 2 0 |a trh 
610 2 0 |a hospodárstvo trhové 
610 2 0 |a politika hospodárska 
610 2 0 |a terminológia 
100 1 |a Krafft, Dietmar 
700 1 |a Mittelstädt, Ewald 
700 1 |a Wiepcke, Claudia